Statistics for The Human Body by letter - F

Click here to take the quiz!

General Stats

  • This quiz has been taken 1,132 times
  • The average score is 12 of 14

Answer Stats

HintAnswer% Correct
Contains your Eyes, Nose and MouthFace
98%
The Thigh BoneFemur
98%
Hand DigitsFingers
95%
Located at the end of the LegFoot
94%
Located between your Eyes and HairlineForehead
91%
Located at the tip of the Finger, made of KeratinFingernail
86%
Between Elbow and WristForearm
85%
Unique pattern located on the FingertipFingerprint
84%
Cut off in CircumcisionForeskin
80%
The Oviducts, lead Egg Cells to the UterusFallopian Tube
79%
Lobe of the BrainFrontal Lobe
75%
Brown/Red spot, often located on the FaceFreckle
68%
The Calf BoneFibula
67%
Large Artery in the Thigh (Derived from #3)Femoral Artery
52%

Score Distribution

Percentile by Number Answered

Percent of People with Each Score

Your Score History

You have not taken this quiz